| 000 | 00857nam a2200265Ia 4500 | ||
|---|---|---|---|
| 003 | OSt | ||
| 005 | 20221005022959.0 | ||
| 006 | a|||||r|||| 00| 0 | ||
| 007 | ta | ||
| 008 | 221004b |||||||| |||| 00| 0 eng d | ||
| 020 |
_a9780495908388 (pbk) _c2450.88 |
||
| 024 | _a120759 | ||
| 037 |
_b208/2011-12, 27/03/2012, Pioneer Books Distributors _cTextual |
||
| 040 |
_aCRL _cCRL _beng |
||
| 041 |
_2eng _aeng |
||
| 082 | _aW:(R).5, Q3 | ||
| 100 |
_aTannenbaum Donald G. _9578936 |
||
| 245 | 0 |
_aInvetors of ideas _b An introduction to western political philosophy |
|
| 250 | _a3rd | ||
| 260 |
_aAustralia _bCengage Learning _c2013 |
||
| 300 |
_axxi,314p. _ccm. |
||
| 650 | _aPOLITICAL SCIENCE | ||
| 942 |
_hW:(R).5, Q3 _cTEXL _2cc |
||
| 999 |
_c930315 _d930315 |
||